Normal view
MARC view
- Jafar, Muhammad
Entry Personal Name
001 - CONTROL NUMBER
- control field: 55432
003 - CONTROL NUMBER IDENTIFIER
- control field: NUST
005 - DATE AND TIME OF LATEST TRANSACTION
- control field: 20210619142532.0
008 - FIXED-LENGTH DATA ELEMENTS
- fixed length control field: 210619|| aca||aabn | a|a d
040 ## - CATALOGING SOURCE
- Original cataloging agency: NUST
- Transcribing agency: NUST
100 ## - HEADING--PERSONAL NAME
- Personal name: Jafar, Muhammad
670 ## - SOURCE DATA FOUND
- Source citation: Work cat.: (NUST): Jafar, Muhammad , Transformer-less series compensation of line-commutated converters for integration of offshore wind power, 2013.
